Νέα Επιθεώρηση

Αποθηκεύτηκε σε:
Λεπτομέρειες βιβλιογραφικής εγγραφής
Άλλοι συγγραφείς: Ζεβγάς, Αντρέας (Επιμελητής έκδοσης)
Μορφή: Βιβλίο
Γλώσσα:Greek
Δημοσίευση: Αθήνα : [χ.ό], 1928-
Θέματα:
Ετικέτες: Προσθήκη ετικέτας
Δεν υπάρχουν, Καταχωρήστε ετικέτα πρώτοι!

MARC

LEADER 00000cam a2200000 i 4500
001 1/9590
008 100720t1928####gr r ||| ||gre||
035 |l 10108698 
040 |a GR-MY-UA  |b gre  |e aacr 
041 0 |a gre 
082 0 |a 059.89  |2 (22) 
245 0 0 |a Νέα Επιθεώρηση   |h [περιοδικό] /   |c επιμελητής της ύλης: Αντρέας Ζεβγάς.  
246 3 3 |a Νέα Επιθεώρηση 
260 |a Αθήνα :   |b [χ.ό],   |c 1928-  
300 |a 3 τεύχη :   |b εικ. ;   |c 30 εκ.  
310 |a Μηνιαίο  
500 |a Το τεκμήριο περιέχει 3 τεύχη δεμένα μαζί.  
500 |a Διαθέσιμο στο διαδίκτυο. 
650 0 0 |a Greek literature  |x Periodicals. 
650 0 0 |a Arts  |x Periodicals. 
650 0 0 |a Greek periodicals  |z Greece  |z Athens. 
700 1 |a Ζεβγάς, Αντρέας,  |e edt 
852 |a INST  |b LESVOS  |c SER  |e 20100720  |h 059.89 ΝΕΑ  |p 005100048185  |q 005100048185  |t SER  |y 23 
901 |a BIBL1-2010-2 
909 |a Λ  |b 166318 
920 |a ΚΟΝΤΟΥΛΗΣ  |b ΟΜΗΡΟΣ  |y Λέσβος  |z 2007-03 
970 |a ΚΑΡΑ  |b ΓΙΑΣΕΜΗ  |z 2010/07/20